| 000 | 01015nam a2200241 i 4500 | ||
|---|---|---|---|
| 001 | 151333 | ||
| 003 | ES-MaACL | ||
| 005 | 20251114101334.0 | ||
| 008 | 931025s1883 ve |||| | spa d | ||
| 080 | _a811.134.2(091) | ||
| 245 | 0 | 0 |
_aAcademia Venezolana correspondiente _b: discurso inaugural, su crítica y su defensa. |
| 260 |
_aCaracas : _bAcademia Venezolana, _c1883 ( _fImp. de La Opinión Nacional) |
||
| 300 |
_a211 p. ; _c20 cm. |
||
| 530 | _aDisponible también en sitio web. | ||
| 594 | _aEl autor del discurso y su defensa es Guzmán Blanco y el de la crítica el Marqués de Rojas. | ||
| 650 | 0 | 4 |
_aLengua española- _vHistoria. _914166 |
| 700 | 1 |
_aGuzmán Blanco, Antonio. _9149642 |
|
| 700 | 1 |
_aRojas, José María de, _d1828-1907 _9147733 |
|
| 852 |
_aES-MaACL _jG-12073 _z-- Enc. hol. |
||
| 852 |
_aES-MaACL _jT-369-F-1 |
||
| 856 |
_uhttp://bibliotecadigitalhispanica.bne.es:80/webclient/DeliveryManager?pid=3207913&custom_att_2=simple_viewer _zIr a la página |
||
| 999 |
_c151333 _d151333 |
||